Регионална библиотека "Любен Каравелов" - Русе

Търсим космически цивилизации (Запис номер 186772)

MARC детайли
000 -Лидер
Контролно поле с фиксирана дължина 01511nam a2200313 c 4500
003 - Код на организацията, давaща контролен номер
Контролно поле BLK
005 - Дата и час на последна редакция
Контролно поле 20180422115509.0
008 - Елементи от данни с фиксирана дължина
fixed length control field 180411b bul|||||r ||||||| ||bul||
010 ## - Наследен системен номер
LC control number KNG00195768000
040 ## - Източник на каталожния запис
Идентификатор на билиотеката - собственик на записа BLK
041 ## - Код за език
Код за езика на текст/звукозапис или на отделно заглавие Български
Код за езика КДБФ Български
080 ## - УДК
Текстов определител УДК Звезди и звездни системи. Вселена - Космически лъчи, междузвездно пространство, Галактика, Млечен път, космология, извънгалактически системи
УДК код - определител по УДК 524
УДК определител
УДК - код + определител 524
100 1# - Редна дума - Автор
Автор Пацнер, Карел
Авторска отговорност първи автор
R(LIN) 107345
139 ## - Редно поле
Редна дума Пацнер, Карел
Авторски знак Пау - П 29
245 10 - Сведения за заглавието
Заглавие Търсим космически цивилизации
Подзаглавни данни Науч.-попул. четиво
Редно поле (дума) Карел Пацнер; прев. от чеш. Маргарита Младенова; прев. от чеш. Ирина Кьосева.
257 ## - Страна на издаване
Страна на създаване/издаване България
260 ## - Област на издателските данни
-- София
Име на издателя, разпространителя и проч. Нар. младеж
Година на издаване 1980
Печатница Враца : В. Александров
300 ## - Физическа характеристика
Страници 256 с.
Размери/Мащаб 22 см
380 ## - Жанр
Жанр Естествени науки. Математика
500 ## - Общи забележки
Забележка Ориг. загл. Hledame kosmicke civilizace. - 25 150 тир.
650 #4 - Допълнително описание по предмет – тема
Основно описание – тема или топоним Космически изследвания
9 (RLIN) 247375
700 1# - Други автори (авторска отговорност)
Лично име Младенова, Маргарита
Автороска отговорност (Описва отношението между автора и произведението) прев. от чеш.
9 (RLIN) 370976
700 1# - Други автори (авторска отговорност)
Лично име Кьосева, Ирина
Автороска отговорност (Описва отношението между автора и произведението) прев. от чеш.
9 (RLIN) 384447
852 ## - Местоположение
Форматна сигнатура Цб 105621
856 4# - Електронен адрес и достъп
Електронен формат pdf - файл
Път до файла /url/
856 4# - Електронен адрес и достъп
Електронен формат pdf - файл
Път до файла /url/
942 ## - АРТИКУЛИ
Вид на библиотечния материал Книги
Скрит в OPAC Не
944 ## - СЪЗДАВАНЕ И РЕДАКЦИЯ на ЗАПИСА
Създаване/Редакция Създаване
Дата на регистрацията/редакция 11.11.2016
Служител, извършил регистрацията/редакцията Нора_Радева
944 ## - СЪЗДАВАНЕ И РЕДАКЦИЯ на ЗАПИСА
Създаване/Редакция Редакция
Дата на регистрацията/редакция 11.11.2016
Служител, извършил регистрацията/редакцията Нора_Радева
999 ## - СИСТЕМНИ КОНТРОЛНИ НОМЕРА
Koha biblionumber 186772
Koha biblioitemnumber 186772
Наличности
Код за отписване Код за изгубен артикул Източник на класификационната схема Код за повреда Коз за рестрикции Код за отдаване Артикулен № Име на библиотеката - собственик Име на библиотеката, в която се намира в момента Статус (Текущо местоположение) Дата на вписване в системата Местоположение - отдел Цена в лева Инвентарен номер Систематично азбучна сигнатура Баркод Номер на екземпляра Цена в евро Служебна бележка Служебен тип на артикула
  Не е изгубен Universal Decimal Classification Не е повреден само за читалня ползва се в читалня 325567 Регионална библиотека "Любен Каравелов" Русе Регионална библиотека "Любен Каравелов" Русе Хранилище 1980-01-01 Хранилище 1.24 313399 Цб 105621 120000313399 1 0.63 Вид: Сф Дата: 01.01.1980 Книги
Изтеглен Не е изгубен Universal Decimal Classification Не е повреден без рестрикции заемане за дома 325568 Регионална библиотека "Любен Каравелов" Русе Регионална библиотека "Любен Каравелов" Русе Заемна - подръчен фонд 1980-01-01 Заемна - подръчен фонд 1.24 313999 П 524/П 29 313999 2 0.63 Вид: Сф Дата: 01.01.1980 Книги
Изтеглен Не е изгубен Universal Decimal Classification Не е повреден без рестрикции заемане за дома 325569 Регионална библиотека "Любен Каравелов" Русе Регионална библиотека "Любен Каравелов" Русе Заемна - подръчен фонд 1980-01-01 Заемна - подръчен фонд 1.24 314001 П 524/П 29 314001 3 0.63 Вид: Сф Дата: 01.01.1980 Книги
Изтеглен Не е изгубен Universal Decimal Classification Не е повреден без рестрикции заемане за дома 325570 Регионална библиотека "Любен Каравелов" Русе Регионална библиотека "Любен Каравелов" Русе Заемна - подръчен фонд 1980-01-01 Заемна - подръчен фонд 1.24 314002 П 524/П 29 314002 4 0.63 Вид: Сф Дата: 01.01.1980 Книги
Изтеглен Не е изгубен Universal Decimal Classification Не е повреден без рестрикции заемане за дома 325571 Регионална библиотека "Любен Каравелов" Русе Регионална библиотека "Любен Каравелов" Русе Заемна - подръчен фонд 1980-01-01 Заемна - подръчен фонд 1.24 616215 П 524/П 29 616215 5 0.63 Вид: Сф Дата: 01.01.1980 Дата инв: 02.02.2018 Бележки инв: П2018 Книги
Vip Innovations Ltd, Rousse, Bulgaria 2025